Domini di primo livello nazionale - Statistics

Statistiche generali
  • Questo quiz è stato fatto 24 volte
  • Il punteggio medio è 144 su 194
Statistiche sulle risposte
Stato Dominio nazionale % Corretto
Afghanistan .af
95%
Albania .al
95%
Argentina .ar
95%
Australia .au
95%
Belgio .be
95%
Burundi .bi
95%
Brunei .bn
95%
Brasile .br
95%
Bahamas .bs
95%
Bhutan .bt
95%
Canada .ca
95%
Costa Rica .cr
95%
Francia .fr
95%
Georgia .ge
95%
Italia .it
95%
Arabia Saudita .sa
95%
Andorra .ad
90%
Antigua e Barbuda .ag
90%
Austria .at
90%
Azerbaigian .az
90%
Bulgaria .bg
90%
Repubblica Democratica del Congo .cd
90%
Camerun .cm
90%
Cina .cn
90%
Colombia .co
90%
Germania .de
90%
Spagna .es
90%
Gabon .ga
90%
Ghana .gh
90%
Gambia .gm
90%
Madagascar .mg
90%
Mongolia .mn
90%
Malaysia .my
90%
Nepal .np
90%
Oman .om
90%
Panama .pa
90%
Polonia .pl
90%
Qatar .qa
90%
Armenia .am
85%
Angola .ao
85%
Bosnia ed Erzegovina .ba
85%
Bangladesh .bd
85%
Burkina Faso .bf
85%
Bahrein .bh
85%
Bolivia .bo
85%
Costa d'Avorio .ci
85%
Cile .cl
85%
Capo Verde .cv
85%
Repubblica Dominicana .do
85%
Egitto | Emirati Arabi Uniti .eg
85%
Etiopia .et
85%
Grecia .gr
85%
Iraq .iq
85%
Iran .ir
85%
Islanda .is
85%
Marocco .ma
85%
Moldavia .md
85%
Mozambico .mz
85%
Namibia .na
85%
Niger .ne
85%
Nigeria .ng
85%
Norvegia .no
85%
Nuova Zelanda .nz
85%
Pakistan .pk
85%
Regno Unito .uk
85%
Botswana .bw
80%
Belize .bz
80%
Svizzera .ch
80%
Cuba .cu
80%
Repubblica Ceca .cz
80%
Danimarca .dk
80%
Ecuador .ec
80%
Finlandia .fi
80%
Grenada .gd
80%
Guatemala .gt
80%
Guyana .gy
80%
Indonesia .id
80%
India .in
80%
Kiribati .ki
80%
Laos .la
80%
Liechtenstein .li
80%
Lesotho .ls
80%
Lussemburgo .lu
80%
Monaco .mc
80%
Malta .mt
80%
Mauritius .mu
80%
Nicaragua .ni
80%
Nauru .nr
80%
Perù .pe
80%
Portogallo .pt
80%
Paraguay .py
80%
Romania .ro
80%
Russia .ru
80%
Seychelles .sc
80%
Svezia .se
80%
Slovenia .si
80%
Slovacchia .sk
80%
Sierra Leone .sl
80%
San Marino .sm
80%
Senegal .sn
80%
Somalia .so
80%
Suriname .sr
80%
Sudan del Sud .ss
80%
El Salvador .sv
80%
Togo .tg
80%
Stati Uniti .us
80%
Repubblica del Congo .cg
75%
Dominica .dm
75%
Guinea .gn
75%
Haiti .ht
75%
Kenya .ke
75%
Kirghizistan .kg
75%
Liberia .lr
75%
Mali .ml
75%
Messico .mx
75%
Paesi Bassi .nl
75%
Papua Nuova Guinea .pg
75%
Singapore .sg
75%
Thailandia .th
75%
Tunisia .tn
75%
Tonga .to
75%
Trinidad e Tobago .tt
75%
Tanzania .tz
75%
Uganda .ug
75%
Uruguay .uy
75%
Uzbekistan .uz
75%
Vietnam .vn
75%
Vanuatu .vu
75%
Barbados .bb
70%
Cipro .cy
70%
Honduras .hn
70%
Irlanda .ie
70%
Israele .il
70%
Kazakistan .kz
70%
Libano .ln
70%
Montenegro .me
70%
Mauritania .mr
70%
Maldive .mv
70%
Malawi .mw
70%
Sudan .sd
70%
São Tomé e Príncipe .st
70%
Siria .sy
70%
Città del Vaticano .va
70%
Venezuela .ve
70%
Yemen .ye
70%
Sudafrica .za
70%
Zambia .zm
70%
Zimbabwe .zw
70%
Giamaica .jm
65%
Giappone .jp
65%
Timor Est .tl
65%
Turkmenistan .tm
65%
Turchia .tr
65%
Ucraina .ua
65%
Repubblica Centrafricana .cf
60%
Figi .fj
60%
Giordania .jo
60%
Sri Lanka .lk
60%
Lettonia .lv
60%
Macedonia del Nord .mk
60%
Isole Salomone .sb
60%
eSwatini .sz
60%
Eritrea .ae
55%
Bielorussia .by
55%
Guinea Equatoriale .gq
55%
Ungheria .hu
55%
Saint Kitts e Nevis .kn
55%
Corea del Sud .kr
55%
Isole Marshall .mh
55%
Tagikistan .tj
55%
Croazia .hr
50%
Ruanda .rw
50%
Kuwait .cw
45%
Saint Lucia .lc
45%
Libia | Lituania .ly
45%
Filippine .ph
45%
Serbia .rs
45%
Saint Vincent e Grenadine .vc
45%
Gibuti .dj
40%
Estonia .ee
40%
Birmania .mm
40%
Ciad .td
40%
Micronesia .fm
35%
Cambogia .kh
35%
Algeria .dz
30%
Benin .bj
25%
Guinea-Bissau .gw
25%
Comore .km
25%
Corea del Nord .kp
25%
Palau .pw
25%
Samoa .ws
20%
Tuvalu .yv
15%
Nessun quiz corrispondente trovato
Distribuzione punteggi
Percentuale di utenti per punteggio
Percentile per numero di risposta
I tuoi punteggi nel tempo
Non hai fatto questo quiz